000 00995nam a22002897i 4500
999 _c174598
_d174598
005 20191013122245.0
008 191013t20192019my aod|g |||| 00| 0 may d
020 _a9789834920227
_cRM20.00
_qpaperback
040 _aPPAK
_beng
_cPPAK
_erda
082 0 4 _223
_a616.12
090 0 0 _a616.12
_bSUH
_dG
100 0 _aSuhairi Ibrahim, Dr.,
_eauthor.
245 1 0 _aJANTUNGKU NADIKU /
_cSUHAIRI IBRAHIM, WAN HASLINDAWANI WAN MAHMOOD
264 1 _aKuala Lumpur :
_bDewan Bahasa dan Pustaka,
_c2019
264 4 _c©2019
300 _axii, 95 pages :
_bcolour illustrations, colour photographs, colour charts ;
_c23 cm
336 _2rdacontent
_atext
337 _2rdamedia
_aunmediated
338 _2rdacarrier
_avolume
500 _aIncludes index
504 _aBibliography: pages 91-92.
650 1 0 _aHeart
_xDiseases
650 2 0 _aHeart
_xDiseases
_xPrevention
650 2 0 _aGovernment publications
_zMalaysia
700 0 _aWan Haslindawani Wan Mahmood,
_cDr.,
_eauthor.
942 _2ddc
_cB